000 01616nam a2200409 a 4500
001 ebr10202582
003 CaPaEBR
006 m u
007 cr cn|||||||||
008 061226s2007 nbua sb s000 0 eng
010 _z 2006103047
015 _aGBA753819
_2bnb
016 7 _z013789724
_2Uk
020 _z9780803211285 (cloth : alk. paper)
020 _z0803211287 (cloth : alk. paper)
040 _aCaPaEBR
_cCaPaEBR
035 _a(OCoLC)182559769
043 _azmo----
050 1 4 _aTL789.8.U6
_bA5337 2007eb
082 0 4 _a629.45/4
_222
100 1 _aFrench, Francis.
245 1 0 _aIn the shadow of the moon
_h[electronic resource] :
_ba challenging journey to Tranquility, 1965-1969 /
_cFrancis French and Colin Burgess ; with a foreword by Walter Cunningham.
260 _aLincoln :
_bUniversity of Nebraska Press,
_cc2007.
300 _axix, 425 p. :
_bill.
490 1 _aOutward odyssey
504 _aIncludes bibliographical references (p. [413]-425).
533 _aElectronic reproduction.
_bPalo Alto, Calif. :
_cebrary,
_d2013.
_nAvailable via World Wide Web.
_nAccess may be limited to ebrary affiliated libraries.
610 2 0 _aProject Apollo (U.S.)
650 0 _aSpace flight to the moon.
650 0 _aAstronautics
_zUnited States
_xHistory
_y20th century.
650 0 _aSpace race
_xHistory.
655 7 _aElectronic books.
_2local
700 1 _aBurgess, Colin,
_d1947-
710 2 _aebrary, Inc.
830 0 _aOutward odyssey.
856 4 0 _uhttp://site.ebrary.com/lib/rucke/Doc?id=10202582
_zAn electronic book accessible through the World Wide Web; click to view
999 _c222254
_d222254